Asegurando el futuro en una economía globalizada / (Registro nro. 8817)
[ vista simple ]
| 000 -LEADER | |
|---|---|
| fixed length control field | 01541nam a2200277Ia 4500 |
| 003 - CONTROL NUMBER IDENTIFIER | |
| control field | OSt |
| 005 - DATE AND TIME OF LATEST TRANSACTION | |
| control field | 20211117114032.0 |
| 008 - FIXED-LENGTH DATA ELEMENTS--GENERAL INFORMATION | |
| fixed length control field | 210310t2000 eu ad fr 000 0 spa d |
| 020 ## - INTERNATIONAL STANDARD BOOK NUMBER | |
| International Standard Book Number | 0821348582 |
| 040 ## - CATALOGING SOURCE | |
| Original cataloging agency | CO-JMCR |
| Transcribing agency | CO-JMCR |
| 041 0# - LANGUAGE CODE | |
| Language code of text/sound track or separate title | spa |
| 082 04 - DEWEY DECIMAL CLASSIFICATION NUMBER | |
| Classification number | 338.98 / |
| Item number | F373a |
| Edition number | 23 |
| 100 1# - MAIN ENTRY--PERSONAL NAME | |
| Personal name | Ferranti, David de, |
| 9 (RLIN) | 18366 |
| Relator term | autor |
| 245 10 - TITLE STATEMENT | |
| Title | Asegurando el futuro en una economía globalizada / |
| Statement of responsibility, etc. | por David de Ferranti, Guillermo E. Perry, Indermit S. Gill [y 1 más] |
| 260 ## - PUBLICATION, DISTRIBUTION, ETC. | |
| Place of publication, distribution, etc. | Washington, D.C. : |
| Name of publisher, distributor, etc. | Banco Mundial, |
| Date of publication, distribution, etc. | ©2000 |
| 300 ## - PHYSICAL DESCRIPTION | |
| Extent | xi, 141 páginas : |
| Other physical details | ilustraciones y gráficas a blanco y negro ; |
| Dimensions | 28 cm. |
| 490 0# - SERIES STATEMENT | |
| Series statement | Estudio del Banco Mundial sobre América Latina y Latina y el Caribe |
| 504 ## - BIBLIOGRAPHY, ETC. NOTE | |
| Bibliography, etc. note | Bibliografía: páginas 135-141 |
| 505 0# - FORMATTED CONTENTS NOTE | |
| Formatted contents note | Oportunidades y riesgo en un mundo globalizado -- La inseguridad económica en América Latina y el Caribe: hechos estilizados -- El diseño de una política social para enfrentar el riesgo: marco conceptual -- La volatilidad macroeconómica en América Latina y el Caribe: causas y soluciones -- La respuesta de los hogares de América Latina y el Caribe ante las crisis económicas -- Apoyo a los trabajadores frente al riesgo de desempleo -- La ayuda para los pobres y la superación de las crisis |
| 650 14 - SUBJECT ADDED ENTRY--TOPICAL TERM | |
| Topical term or geographic name entry element | Globalización |
| 9 (RLIN) | 18368 |
| 650 24 - SUBJECT ADDED ENTRY--TOPICAL TERM | |
| Topical term or geographic name entry element | Desarrollo económico |
| 9 (RLIN) | 41551 |
| 651 #4 - SUBJECT ADDED ENTRY--GEOGRAPHIC NAME | |
| Geographic name | América Latina |
| General subdivision | Política económica |
| Chronological subdivision | Siglo XX |
| 9 (RLIN) | 41552 |
| 700 1# - ADDED ENTRY--PERSONAL NAME | |
| Personal name | Perry, Guillermo E., |
| Relator term | autor |
| 9 (RLIN) | 39495 |
| 700 1# - ADDED ENTRY--PERSONAL NAME | |
| Personal name | Gill, Indermit S., |
| Relator term | autor |
| 9 (RLIN) | 41553 |
| 942 ## - ADDED ENTRY ELEMENTS (KOHA) | |
| Source of classification or shelving scheme | Dewey Decimal Classification |
| Koha item type | Books |
| Withdrawn status | Lost status | Source of classification or shelving scheme | Damaged status | Not for loan | Collection code | Home library | Current library | Date acquired | Source of acquisition | Total Checkouts | Full call number | Barcode | Date last seen | Date last checked out | Copy number | Koha item type |
|---|---|---|---|---|---|---|---|---|---|---|---|---|---|---|---|---|
| Dewey Decimal Classification | Non-fiction | Biblioteca Pública José María del Castillo y Rada | Biblioteca Pública José María del Castillo y Rada | 04/15/2018 | Donación | 1 | 338.98 / F373a | 430004999 | 03/18/2026 | 03/18/2026 | Ej.1 | Books |